| 000 | 00000nam##2200000za#4500 |
| 001 | 9.568260 |
| 003 | CaOODSP |
| 005 | 20240215150447 |
| 007 | cr ||||||||||| |
| 008 | 150406|1998||||xxc|||||o f|0| 0 eng|d |
| 040 | |aCaOODSP|beng |
| 043 | |an-cn--- |
| 086 | 1 |aPS83-3/69E-PDF |
| 110 | 2 |aCorrectional Service Canada. |
| 245 | 10|aPrison Work Program (CORCAN) participation : |h[electronic resource]|bpost-release employment and recidivism / |c[by] Christa A. Gillis, Larry L. Motiuk, and Ray Belcourt. |
| 260 | |bCorrectional Service Canada |cMarch 1998. |
| 300 | |a38p.|breferences, tables |
| 490 | 1 |aResearch report|v[R-69] |
| 590 | |a10-12-Supp|b2010-11-18 |
| 720 | 1 |aMotiuk, Laurence L. |
| 720 | 1 |aBelcourt, Raymond L. |
| 720 | 1 |aGillis, Christa A. |
| 775 | 08|tParticipation au Programme de travail en milieu carcéral (CORCAN) : |w(CaOODSP)9.599550 |
| 830 | #0|aResearch report (Correctional Service Canada. Research Branch)|v[R-69]|w(CaOODSP)9.506063 |
| 856 | 40|ahttp://publications.gc.ca|qPDF|s134 KB|uhttps://publications.gc.ca/collections/collection_2010/scc-csc/PS83-3-69-eng.pdf|y[R-69] |